| 000 | 00692nam a22002177a 4500 | ||
|---|---|---|---|
| 003 | UA-OsUOA | ||
| 001 | 97599 | ||
| 007 | ta | ||
| 008 | 20130403b un ||||| |||| 00| 0 ukr d | ||
| 100 | _aФедоренко О. | ||
| 090 |
_a82 _bФ33 |
||
| 942 | _cSA | ||
| 040 |
_aUA-OsUOA _bukr _cUA-OsUOA _dUA-OsUOA |
||
| 245 | _aСполучник як службова частина мови. На матеріалі творів Л. Костенко | ||
| 300 | _aС.26-31 | ||
| 955 | _a0 | ||
| 041 | _aukr | ||
| 080 | _a82 | ||
| 773 | 0 |
_w97597 _tУкраїнська мова та література _dК. _d2013 _g6 |
|
| 650 | 7 |
_a82 Література. Літературознавство _2UDC |
|
| 999 |
_c383840 _d383840 |
||